| 000 | nam a22 7a 4500 | ||
|---|---|---|---|
| 999 |
_c16813 _d16813 |
||
| 008 | 161117b xxu||||| |||| 00| 0 eng d | ||
| 020 | _a1269282301 | ||
| 050 | _aQA 39.3 .P43 2014 | ||
| 245 | _aPearson custom mathematics/ | ||
| 260 |
_aBoston, MA : _bPearson Learning Solutions,, _cc2014. |
||
| 300 |
_a500p. : _bcol. iil. : _c26 cm. |
||
| 650 | _aMathematics. | ||
| 650 | _aPrecalculus. | ||
| 650 | _aTrigonometry. | ||
| 942 |
_2lcc _cBOOKS _hQA 39.3 .P43 2014 |
||